Economics of accounting

Saved in:
Bibliografiske detaljer
Main Authors: Christensen, Peter O (Author), Feltham, Gerald A (Author)
Format: Bog
Sprog:engelsk
Udgivet: Nueva York Springer 2003
Serier:Kluwer Series in Accounting Scholarship, 1
Fag:
Tags: Tilføj Tag
Ingen Tags, Vær først til at tagge denne postø!

MARC

LEADER 00000nam a2200000 a 4500
001 UCH0139
003 CL-VaPUC
008 090108e20030000US |||||||||||||||||eng|d
020 |a 0387239324v.1 
082 0 4 |a 657  |b CHR  |2 21 
100 0 |a Christensen, Peter O  |e author  |9 534262 
700 0 |a Feltham, Gerald A  |e author  |9 534263 
245 1 0 |a Economics of accounting 
300 |a 593 p 
942 |c BK 
945 |d 20090108 00:00:00  |a jtorresc 
260 |a Nueva York  |b Springer  |c 2003 
500 |a v.1: Information in markes 
650 0 |a Contabilidad   |9 261430 
650 0 |a Microeconomía  |9 258126 
583 |a last modification  |c 20130104 08:44:40  |k Rodrigo Vera 
490 0 |a Kluwer Series in Accounting Scholarship, 1 
999 |c 332516  |d 332514 
952 |0 0  |1 0  |4 0  |6 657_000000000000000_CHR_2003  |7 0  |8 A  |9 420295  |a BIBGIM  |b BIBGIM  |d 2019-11-22  |h v.1  |i 4511530  |o 657 CHR 2003  |p 4511530  |r 2025-01-15  |w 2019-11-22  |y BK  |k COM